Eminent Indians : Economists And Industrialists (Record no. 4491)
[ view plain ]
| 000 -LEADER | |
|---|---|
| fixed length control field | 00328nam a2200133Ia 4500 |
| 008 - FIXED-LENGTH DATA ELEMENTS--GENERAL INFORMATION | |
| fixed length control field | 191201s2007 xx 000 0 und d |
| 100 ## - MAIN ENTRY--PERSONAL NAME | |
| Personal name | AHUJA,M L |
| 245 #0 - TITLE STATEMENT | |
| Title | Eminent Indians : Economists And Industrialists |
| 250 ## - EDITION STATEMENT | |
| Edition statement | 2nd IMP |
| 260 ## - PUBLICATION, DISTRIBUTION, ETC. (IMPRINT) | |
| Place of publication, distribution, etc | N. Delhi |
| Name of publisher, distributor, etc | Rupa and Co |
| Date of publication, distribution, etc | 2007 |
| 300 ## - PHYSICAL DESCRIPTION | |
| Extent | 120 |
| 650 ## - SUBJECT ADDED ENTRY--TOPICAL TERM | |
| Topical term or geographic name as entry element | BBA |
| 942 ## - ADDED ENTRY ELEMENTS (KOHA) | |
| Source of classification or shelving scheme | Dewey Decimal Classification |
| Koha item type | Text Books |
| Withdrawn status | Lost status | Source of classification or shelving scheme | Damaged status | Not for loan | Collection code | Home library | Current library | Date acquired | Source of acquisition | Cost, normal purchase price | Bill Number | Total Checkouts | Full call number | Acc. no. / Barcode | Date last seen | Bill Date | Koha item type | Date last borrowed |
|---|---|---|---|---|---|---|---|---|---|---|---|---|---|---|---|---|---|---|
| Dewey Decimal Classification | GENERAL | PIET C-LIBRARY | PIET C-LIBRARY | 26/04/2010 | J B C, New Delhi | 95.00 | SI-4915 | 923.309 AHE | 15259 | 04/12/2019 | 11/03/2010 | Text Books | ||||||
| Dewey Decimal Classification | GENERAL | PIET C-LIBRARY | PIET C-LIBRARY | 26/04/2010 | J B C, New Delhi | 95.00 | SI-4915 | 923.309 AHE | 15260 | 04/12/2019 | 11/03/2010 | Text Books | ||||||
| Dewey Decimal Classification | GENERAL | PIET C-LIBRARY | PIET C-LIBRARY | 26/04/2010 | J B C, New Delhi | 95.00 | SI-4915 | 923.309 AHE | 15261 | 04/12/2019 | 11/03/2010 | Text Books | ||||||
| Dewey Decimal Classification | GENERAL | PIET C-LIBRARY | PIET C-LIBRARY | 26/04/2010 | J B C, New Delhi | 95.00 | SI-4915 | 923.309 AHE | 15262 | 04/12/2019 | 11/03/2010 | Text Books | ||||||
| Dewey Decimal Classification | GENERAL | PIET C-LIBRARY | PIET C-LIBRARY | 26/04/2010 | J B C, New Delhi | 95.00 | SI-4915 | 1 | 923.309 AHE | 15263 | 07/02/2022 | 11/03/2010 | Text Books | 03/01/2022 | ||||
| Dewey Decimal Classification | GENERAL | PIET C-LIBRARY | PIET C-LIBRARY | 26/04/2010 | J B C, New Delhi | 95.00 | SI-4915 | 923.309 AHE | 15264 | 04/12/2019 | 11/03/2010 | Text Books |